000 00385nam a22001577a 4500
005 20160621114851.0
008 160621b xxu||||| |||| 00| 0 eng d
041 _aeng
082 _b8700
100 _aLandy, Frank J and four James L
_92377
245 _aThe Measurement of work Performance
260 _bAccadimic press
300 _a303
650 _aManagement
_9241
942 _cBK
999 _c3361
_d3360